Sindicalismo y marxismo

Saved in:
書目詳細資料
主要作者: Plejánov, Jorge (Author)
格式: 圖書
語言:西班牙语
出版: Ciudad de México Grijalbo 1968
叢編:Colección 70, 19
主題:
標簽: 添加標簽
沒有標簽, 成為第一個標記此記錄!

MARC

LEADER 00000nam a2200000 a 4500
001 UCY8272
003 CL-VaPUC
008 950703e19680000MX |||||||||||||||||spa|d
082 0 4 |a 335.4  |b PLE  |2 21 
100 0 |a Plejánov, Jorge  |e author  |9 339541 
245 1 0 |a Sindicalismo y marxismo 
300 |a 159 p 
942 |c BK 
945 |d 19950703 00:00:00  |a rbrito 
260 |a Ciudad de México  |b Grijalbo  |c 1968 
650 7 |a MARXISMO  |2 CL-VaPUC  |9 339542 
650 7 |a SINDICALISMO  |2 CL-VaPUC  |9 339543 
650 0 |a Trabajadores  |9 260887 
650 7 |a HUELGA  |2 CL-VaPUC  |9 17 
650 0 |a Trabajo  |9 313876 
583 |a last modification  |c 19950703 00:00:00  |k Rodrigo Vera 
490 0 |a Colección 70, 19 
999 |c 235546  |d 235544 
952 |0 0  |1 0  |4 0  |6 335_400000000000000_PLE_1968  |7 0  |8 A  |9 243049  |a BIBHIS  |b BIBHIS  |d 2019-11-18  |i 3097269  |o 335.4 PLE 1968  |p 3097269  |r 2025-01-20  |w 2019-11-18  |y BK  |k HIS 
952 |0 0  |1 0  |4 0  |6 335_400000000000000_PLE_1968  |7 0  |8 A  |9 243050  |a BIBHIS  |b BIBHIS  |d 2019-11-18  |i 1387294  |o 335.4 PLE 1968  |p 1387294  |r 2025-01-20  |w 2019-11-18  |y BK  |k HIS 
952 |0 0  |1 0  |4 0  |6 335_400000000000000_PLE_1968  |7 0  |8 A  |9 243051  |a BIBHIS  |b BIBHIS  |d 2019-11-18  |i 1387308  |o 335.4 PLE 1968  |p 1387308  |r 2025-01-20  |w 2019-11-18  |y BK  |k HIS